| 000 | 00470cam a22001457a 4500 | ||
|---|---|---|---|
| 008 | 180718b1996 xxu||||| |||| 00| 0 eng d | ||
| 082 | _aAPPPA 95-96 SHA/U | ||
| 100 | _aSharma, Urmila | ||
| 245 |
_aStudy of multimodal transportation of goods act, 1993 _cby Urmila Sharma |
||
| 260 |
_aNew Delhi _bIndian Institute of Public Administration _c1996 |
||
| 300 | _a597p. | ||
| 650 | _aAPPPA | ||
| 650 | _aPublic goods | ||
| 650 | _aMultimodal transportation of goods act 1993 | ||
| 999 |
_c481471 _d481471 |
||